| 000 | 01018nam a2200241Ia 4500 | ||
|---|---|---|---|
| 001 | 15714 | ||
| 003 | GE_BSU | ||
| 008 | 181216s||||||||xx |||||||||||||| ||und|| | ||
| 040 | _cGE_BSU | ||
| 080 | _a821.353.1-32 + 821.353.1-4 | ||
| 100 | _aწვერავა, სიმონ | ||
| 245 | _aმჭედლების უბანში | ||
| 245 | _bმოთხრობები. ნარკვევები | ||
| 245 | _cრედ.ბ.ჩხეიძე. მხატვ.ი.ჯანაშვილი | ||
| 260 | _aთბილისი | ||
| 260 | _bსაბჭ. მწერალი | ||
| 260 | _c1958 | ||
| 300 | _a479გვ. : 1ფ. პორტრ. ; 20სმ. | ||
| 653 | _aდანკერი; მჭედლების უბანი; თორიდან ცახრისამდე; ახალ მესხეთში | ||
| 653 | _aმოთხრობები. ნარკვევები | ||
| 653 | _aმჭედლების უბანში | ||
| 942 | _cBK | ||
| 999 |
_c48812 _d48812 |
||